Biblioteca

The World around the Old Testament (Registro nro. 64540)

Detalles MARC
000 -LÍDER
Campo fijo de descripción fija 01995cam a2200385 i 4500
001 - NÚMERO DE CONTROL
Campo de control 19146367
003 - IDENTIFICADOR DEL NÚMERO DE CONTROL
Campo de control CO-MdFUSB
005 - FECHA Y HORA DE LA ULTIMA TRANSACCIÓN
control field 20180912112653.0
008 - ELEMENTOS DE LONGITUD FIJA -- INFORMACIÓN GENERAL
Campo fijo de descripción fija -- Información general 160622s2016 miuab b 001 0 eng
010 ## - NÚMERO DE CONTROL DE LA BIBLIOTECA DEL CONGRESO
Número de control LC 2016025103
020 ## - NÚMERO INTERNACIONAL NORMALIZADO PARA LIBROS
Número Internacional Normalizado del libro 9780801039188 (cloth)
040 ## - FUENTE DE CATALOGACIÓN
Agencia de catalogación original DLC
Idioma de catalogación spa
Agencia que realiza la transcripción CO-MdFUSB
Convenciones de la descripción rda
Agencia que realiza la modificación CO-MdFUSB
041 ## - CÓDIGO DE IDIOMA
Código de idioma para texto/pista de sonido o título separado eng
042 ## - AUTHENTICATION CODE
Authentication code pcc
043 ## - GEOGRAPHIC AREA CODE
Geographic area code aw-----
082 00 - NÚMERO DE CLASIFICACIÓN DECIMAL DEWEY
Número de la edición del Dewey 24
Número de clasificación G 221.9
Clave de autor-Numero de item W927w
245 04 - TÍTULO
Título del Material The World around the Old Testament
Parte restante del título - Subtitulo : The People and Places of the Ancient Near East
Mención de responsabilidad, etc. / editado por Bill T. Arnold y Brent A. Strawn.
264 #1 - PRODUCCIÓN, PUBLICACIÓN, DISTRIBUCIÓN, MANUFACTURA, Y COPYRIGHT
Lugar de producción, publicación, distribución, manufactura Grand Rapids, Michigan :
Nombre del productor, publicador, distribuidor Baker Academic, a division of Baker Publishing Group,
Fecha de producción, publicación, distribución, manufactura, o copyright ℗[2016].
264 #4 - PRODUCCIÓN, PUBLICACIÓN, DISTRIBUCIÓN, MANUFACTURA, Y COPYRIGHT
Fecha de producción, publicación, distribución, manufactura, o copyright ©2016
300 ## - DESCRIPCIÓN FÍSICA
Extensión xxvi, 531 páginas :
Otros detalles físicos ilustraciones, mapas ;
Dimensiones 24 cm
336 ## - TIPO DE CONTENIDO
Fuente rdacontent
Término de tipo de contenido texto
Código de tipo de contenido txt
337 ## - TIPO DE MEDIO
Fuente rdamedia
Nombre del tipo de medio sin mediación
Código del tipo de medio n
338 ## - TIPO DE SOPORTE
Fuente rdacarrier
Nombre del tipo de soporte volumen
Código Tipo de soporte nc
501 ## - NOTA DE “CON”
Nota de Contenido Incluye índice (páginas 501- 531)
505 ## - NOTA DE CONTENIDO
Nota de contenido con formato preestablecido Los amorreos / Daniel E. Fleming -- Asiria y los asirios / Christopher B. Hays con Peter Machinist -- Babilonia y los babilonios / David S. Vanderhooft -- Ugarit y los ugaritas / Mark S. Smith -- Egipto y los egipcios / Joel M. LeMon -- Los hititas y los hurritas / Billie Jean Collins -- Aram y los arameos / K. Lawson Younger Jr. -- Fenicia y los fenicios / Christopher A. Rollston -- Transjordania: los amonitas, los moabitas y los edomitas / Joel S. Burnett -- Filistea y los filisteos / Carl S. Ehrlich -- Persia y los persas / Pierre Briant -- Arabia y los árabes / David F. Graf -- Grecia y los griegos / Walter Burkert
630 07 - TITULO UNIFORME
Título uniforme Biblia.
Nombre de parte o sección de la obra Antiguo Testamento
653 ## - TÉRMINO DE INDIZACIÓN - NO CONTROLADO
Término no controlado Medio Este -- Historia
700 1# - ASIENTO SECUNDARIO - NOMBRE PERSONAL
Nombre personal Arnold, Bill T.,
Responsabilidad editor.
700 1# - ASIENTO SECUNDARIO - NOMBRE PERSONAL
Nombre personal Strawn, Brent A.,
Responsabilidad editor.
906 ## - LOCAL DATA ELEMENT F, LDF (RLIN)
a 1
b cbc
c orignew
d 1
e ecip
f 20
g y-gencatlg
942 ## - TIPO DE MATERIAL (KOHA)
Tipo de Item KOHA Libros General
Existencias
Estado de Material Estado de Perdido Forma de Clasificación Estado de Dañado No para Préstamo Colección Biblioteca de Origen Biblioteca Permanente Fecha de Adquisición Total de Préstamos Total de Renovaciones Signatura Topográfica Código de Barras Última vez visto Última vez Préstado Ejemplar/Existencia Fecha de Remplazo Tipo de Material
    Dewey Decimal Classification     Colección General Biblioteca FUSBC Biblioteca FUSBC 12/09/2018 2 1 G 221.9 W927w 5577 13/05/2025 12/05/2025 Ej. 1 12/09/2018 Libros General

Biblioteca FUSBC | Teléfono: (57+4) 349 88 10 Ext. 141| WhatsApp (+57) 3005338115 
E-mail: biblioteca@unisbc.edu.co | Calle 76 87-14 Robledo Palenque, Medellín, Colombia

Con tecnología Koha